| 000 | 00397 a2200133 4500 | ||
|---|---|---|---|
| 001 | ART_6934 | ||
| 005 | 20260410161659.0 | ||
| 008 | 260409a | ||
| 245 | 1 | 0 | _aUna metodología bayesiana para promediar predicciones |
| 100 | 1 | _aElosegui, Pedro | |
| 700 | 1 | _aLepone, Francisco | |
| 700 | 1 | _aMc Candless, George | |
| 773 | 0 |
_tEnsayos Económicos _g- Nº 45 (oct. 2006) _wREV620 |
|
| 999 |
_c15018 _d15018 |
||